Nr. 1 Hits in Deutschland 2015 - Statistiken

Allgemein
  • Dieses Quiz wurde 110 mal gespielt
  • Das Durchschnittsergebnis liegt bei 8 aus 16
Antwortstatistiken
Wochen auf Platz 1 Lied Interpret % Korrekt
11 Wochen Hello Adele
97%
7 Wochen Astronaut Sido feat. Andreas Bourani
86%
1 Woche Lieblingsmensch Namika
74%
1 Woche Schrei nach Liebe Die Ärzte
72%
3 Wochen Bye Bye Cro
62%
8 Wochen Ain’t Nobody (Loves Me Better) Felix Jaehn feat.Jasmine Thompson
57%
6 Wochen Love Me like You Do Ellie Goulding
50%
4 Wochen See You Again Wiz Khalifa feat. Charlie Puth
50%
1 Woche Cheerleader (Felix Jaehn Remix) Omi
48%
3 Wochen Sugar Robin Schulz feat. Francesco Yates
36%
1 Woche Outside Calvin Harris feat. Ellie Goulding
34%
6 Wochen Dangerous David Guetta feat. Sam Martin
34%
2 Wochen The Hanging Tree James Newton Howard feat. Jennifer Lawrence
33%
1 Woche Walk Kwabs
26%
2 Wochen Are You with Me Lost Frequencies
23%
2 Wochen Reality Lost Frequencies feat.Janieck Devy
11%
Keine übereinstimmenden Quizze gefunden
Verteilung der Resultate
Anzahl Personen mit jedem Resultat
Perzentil nach korrekt beantworteten Fragen
Ihre Resultats-Entwicklung
Sie haben dieses Quiz noch nicht gespielt